[Event "Asian-ch Seniors 65 zt 3.4"]
[Site "Chess.com INT"]
[Date "2020.07.16"]
[Round "6.4"]
[White "Syzdykov, Sabyr"]
[Black "Kashkarov, Mikhail"]
[Result "1-0"]
[WhiteElo "1825"]
[BlackElo "1963"]
[PlyCount "81"]
[EventDate "2020.07.16"]
[EventType "swiss"]
[EventRounds "7"]
[EventCountry "UZB"]
[SourceTitle "EXT 2024"]
[Source "ChessBase"]
[SourceDate "2023.10.10"]
[SourceVersion "1"]
[SourceVersionDate "2023.10.10"]
[SourceQuality "1"]

1. d4 Nf6 2. Nf3 c5 3. d5 b5 4. c4 a6 5. Nbd2 Qa5 6. e3 e6 7. dxe6 fxe6 8. Be2 Bb7 9. 0-0 Be7 10. Ne5 0-0 11. Bf3 Qc7 12. Bxb7 Qxb7 13. b3 d6 14. Nd3 e5 15. Qe2 Nbd7 16. e4 Rae8 17. f3 Nh5 18. Nb1 bxc4 19. bxc4 Nb6 20. Qc2 Bd8 21. a4 Qf7 22. Nd2 Qg6 23. Rb1 Nd7 24. Rf2 Bg5 25. Nf1 Bxc1 26. Qxc1 Nf4 27. Nxf4 exf4 28. Rd2 Ne5 29. Kh1 Qe6 30. Rc2 Rf6 31. Qd2 Ref8 32. Qd5 Qxd5 33. exd5 Nd3 34. Nd2 Nb4 35. Rc3 Re8 36. Ne4 Rg6 37. Kg1 Kf7 38. Kf2 Ke7 39. g3 Rf8 40. g4 Kd7 41. h4 1-0

[Event "Aksu"]
[Site "Aksu Pavlodar"]
[Date "2019.10.23"]
[Round "7"]
[White "Kashkarov, Mikhail"]
[Black "Urazayev, Arystanbek"]
[Result "0-1"]
[WhiteElo "1984"]
[BlackElo "2420"]
[PlyCount "42"]
[EventDate "2019.10.17"]
[EventType "tourn"]
[EventRounds "9"]
[EventCountry "KAZ"]
[SourceTitle "CBM 192 Extra"]
[Source "Chessbase"]
[SourceDate "2019.11.06"]
[SourceVersion "1"]
[SourceVersionDate "2019.11.06"]
[SourceQuality "1"]

1. d4 d5 2. Nf3 Nf6 3. g3 c5 4. Bg2 cxd4 5. Nxd4 e5 6. Nb3 Be6 7. c4 Nc6 8. cxd5 Nxd5 9. Bd2 a5 10. Nc3 a4 11. Nc1 Nxc3 12. Bxc6+ bxc6 13. Bxc3 Qxd1+ 14. Kxd1 f6 15. f3 Be7 16. Kc2 Kf7 17. Nd3 Rhb8 18. Rhc1 c5 19. a3 Rd8 20. Re1 Bb3+ 21. Kc1 Rd5 0-1

[Event "Prague Summer op-B 5th"]
[Site "Prague"]
[Date "2018.08.08"]
[Round "7"]
[White "Kashkarov, Mikhail"]
[Black "Sakovski, Roman"]
[Result "0-1"]
[WhiteElo "1947"]
[BlackElo "1894"]
[PlyCount "117"]
[EventDate "2018.08.03"]
[EventType "swiss"]
[EventRounds "9"]
[EventCountry "CZE"]
[SourceTitle "CBM 186 Extra"]
[Source "ChessBase"]
[SourceDate "2018.08.24"]
[SourceVersion "1"]
[SourceVersionDate "2018.08.24"]
[SourceQuality "1"]

1. d4 d6 2. Nf3 Bg4 3. e3 Nf6 4. h3 Bh5 5. c4 Nbd7 6. Be2 h6 7. Nc3 g5 8. b3 Bg7 9. Bb2 a6 10. Qc2 c6 11. Nd2 Bg6 12. Bd3 Bxd3 13. Qxd3 d5 14. cxd5 cxd5 15. Ne2 Rc8 16. 0-0 e6 17. Ba3 Qa5 18. Bb2 Ne4 19. Rfd1 Ndf6 20. f3 Nd6 21. Nc3 b5 22. a3 h5 23. Ne2 g4 24. Bc3 Qd8 25. Bb4 gxh3 26. gxh3 Bh6 27. Bxd6 Qxd6 28. f4 Ke7 29. b4 Rh7 30. Kh1 Qd7 31. Rac1 e5 32. Ng3 e4 33. Qe2 Rg8 34. Qh2 h4 35. Ne2 Nh5 36. Rg1 Rhg7 37. Rxg7 Rxg7 38. Rg1 Rxg1+ 39. Kxg1 Qc6 40. Qf2 Qf6 41. Nf1 Ng7 42. Nh2 Nf5 43. Ng4 Qc6 44. Qe1 Bf8 45. Qc1 Qc4 46. Nc3 Ng3 47. Kg2 f6 48. Qe1 Ke6 49. Nf2 Bd6 50. Nfd1 Qb3 51. Ne2 Nf5 52. Kf2 Qxa3 53. Qg1 Bxb4 54. Qg8+ Kd7 55. Qxd5+ Nd6 56. f5 Qa1 57. Qe6+ Kc7 58. Nf4 Kc6 59. Nd5 0-1

[Event "Prague Summer op-B 5th"]
[Site "Prague"]
[Date "2018.08.07"]
[Round "6"]
[White "Michel, Ladislav"]
[Black "Kashkarov, Mikhail"]
[Result "1/2-1/2"]
[WhiteElo "1819"]
[BlackElo "1947"]
[PlyCount "31"]
[EventDate "2018.08.03"]
[EventType "swiss"]
[EventRounds "9"]
[EventCountry "CZE"]
[SourceTitle "CBM 186 Extra"]
[Source "ChessBase"]
[SourceDate "2018.08.24"]
[SourceVersion "1"]
[SourceVersionDate "2018.08.24"]
[SourceQuality "1"]

1. d4 d5 2. Bf4 Nf6 3. e3 g6 4. h3 Bg7 5. Nf3 0-0 6. c3 c5 7. Nbd2 cxd4 8. cxd4 Nc6 9. Be2 Bf5 10. Nh4 Bd7 11. 0-0 h6 12. Bh2 g5 13. Nhf3 Bf5 14. a3 Nd7 15. Qb3 Nb6 16. Rac1 1/2-1/2

[Event "Prague Summer op-B 5th"]
[Site "Prague"]
[Date "2018.08.05"]
[Round "4"]
[White "Kashkarov, Mikhail"]
[Black "Benes, Petr1111"]
[Result "1-0"]
[WhiteElo "1947"]
[BlackElo "2094"]
[PlyCount "135"]
[EventDate "2018.08.03"]
[EventType "swiss"]
[EventRounds "9"]
[EventCountry "CZE"]
[SourceTitle "CBM 186 Extra"]
[Source "ChessBase"]
[SourceDate "2018.08.24"]
[SourceVersion "1"]
[SourceVersionDate "2018.08.24"]
[SourceQuality "1"]

1. d4 Nf6 2. Nf3 g6 3. c4 Bg7 4. Nc3 0-0 5. Bg5 h6 6. Bh4 d6 7. e3 c6 8. Be2 Qb6 9. Qd2 Bf5 10. h3 Re8 11. Bg3 Ne4 12. Nxe4 Bxe4 13. 0-0 a5 14. Rfd1 Na6 15. Ne1 c5 16. f3 Bc6 17. Bf2 a4 18. Rab1 Reb8 19. Nc2 Nb4 20. Nxb4 cxb4 21. Rbc1 b3 22. a3 Qa5 23. Be1 Qg5 24. Qd3 e5 25. Bb4 Re8 26. d5 Bd7 27. e4 Bxh3 28. Bf1 f5 29. Bxd6 fxe4 30. fxe4 Bg4 31. Be2 h5 32. Bb4 Bf8 33. c5 h4 34. Bd2 Qh5 35. Bxg4 Qxg4 36. Qf3 Qxf3 37. gxf3 Kf7 38. Kg2 Be7 39. Kh3 Rh8 40. Be3 Bf6 41. Rc4 Ke8 42. Rb4 Rh7 43. Rb6 Rf7 44. Kg4 Rc8 45. Rc1 Rcc7 46. Rb4 Rh7 47. Kh3 Rcf7 48. Rf1 Rh5 49. Rxa4 Bg5 50. Ra8+ Ke7 51. Bxg5+ Rxg5 52. Ra7 Rf4 53. Rxb7+ Kd8 54. Rxb3 Rg3+ 55. Kh2 g5 56. c6 g4 57. d6 Rh3+ 58. Kg2 Rg3+ 59. Kf2 Rgxf3+ 60. Rxf3 Rxf3+ 61. Ke2 Rf4 62. c7+ Kc8 63. Rxf4 exf4 64. e5 h3 65. e6 h2 66. e7 f3+ 67. Ke3 h1Q 68. e8Q+ 1-0

[Event "Pavlodar op"]
[Site "Pavlodar"]
[Date "2017.11.22"]
[Round "2"]
[White "Kashkarov, Mikhail"]
[Black "Suleymenov, Alisher"]
[Result "0-1"]
[WhiteElo "2019"]
[BlackElo "2301"]
[PlyCount "52"]
[EventDate "2017.11.21"]
[EventType "swiss"]
[EventRounds "9"]
[EventCountry "KAZ"]
[SourceTitle "EXT 2019"]
[Source "ChessBase"]
[SourceDate "2018.10.10"]
[SourceVersion "1"]
[SourceVersionDate "2018.10.10"]
[SourceQuality "1"]

1. d4 Nf6 2. Nf3 b6 3. c4 Bb7 4. Nc3 g6 5. d5 Bg7 6. e4 0-0 7. Bd3 d6 8. h3 e6 9. 0-0 exd5 10. exd5 c6 11. dxc6 Nxc6 12. Bf4 d5 13. Rc1 Nb4 14. cxd5 Nfxd5 15. Nxd5 Bxd5 16. Bb1 Bxb2 17. Bh6 Bxc1 18. Qxc1 Qf6 19. Bg5 Qd6 20. Nh2 f6 21. Bf4 Qc6 22. Qb2 Na6 23. Rc1 Nc5 24. f3 Rae8 25. Ng4 Re6 26. Qa3 Qa4 0-1

[Event "Pavlodar op"]
[Site "Pavlodar"]
[Date "2015.12.15"]
[Round "9"]
[White "Kashkarov, Mikhail"]
[Black "Ankudinova, Elena"]
[Result "1/2-1/2"]
[WhiteElo "2106"]
[BlackElo "2196"]
[PlyCount "67"]
[EventDate "2015.12.07"]
[EventType "swiss"]
[EventRounds "10"]
[EventCountry "KAZ"]
[SourceTitle "EXT 2017"]
[Source "ChessBase"]
[SourceDate "2016.10.25"]
[SourceVersion "1"]
[SourceVersionDate "2016.10.25"]
[SourceQuality "1"]

1. d4 d6 2. Nf3 Bg4 3. e3 Nf6 4. c4 Nbd7 5. Be2 c6 6. Nc3 e5 7. 0-0 Be7 8. Qc2 Qc7 9. Bd2 0-0 10. Rac1 h6 11. Rfd1 Nh7 12. b4 Bxf3 13. Bxf3 f5 14. b5 e4 15. Be2 Nhf6 16. a4 Rae8 17. Qb3 c5 18. f3 Kh8 19. fxe4 fxe4 20. Qc2 cxd4 21. exd4 d5 22. c5 Nxc5 23. Qa2 Nd3 24. Bxd3 Ng4 25. g3 Nxh2 26. Nxe4 Nf3+ 27. Kg2 Qd7 28. Rc8 Qxc8 29. Qxd5 Qg4 30. Rf1 Nh4+ 31. Kh2 Nf3+ 32. Kg2 Nh4+ 33. Kh2 Nf3+ 34. Kg2 1/2-1/2

[Event "Pavlodar op"]
[Site "Pavlodar"]
[Date "2015.12.09"]
[Round "4"]
[White "Kashkarov, Mikhail"]
[Black "Aben, Sultan"]
[Result "1-0"]
[WhiteElo "2106"]
[BlackElo "1398"]
[PlyCount "67"]
[EventDate "2015.12.07"]
[EventType "swiss"]
[EventRounds "10"]
[EventCountry "KAZ"]
[SourceTitle "EXT 2017"]
[Source "ChessBase"]
[SourceDate "2016.10.25"]
[SourceVersion "1"]
[SourceVersionDate "2016.10.25"]
[SourceQuality "1"]

1. d4 d5 2. Nf3 Nc6 3. c4 e6 4. a3 a5 5. Nc3 Nf6 6. Bg5 Be7 7. e3 h6 8. Bh4 0-0 9. Qc2 b6 10. Rc1 Ba6 11. cxd5 Bxf1 12. Kxf1 Nxd5 13. Nxd5 exd5 14. Bg3 Na7 15. Bxc7 Qd7 16. Ne5 Qb5+ 17. Qe2 Rac8 18. Nd3 Bd8 19. Bxd8 Rxc1+ 20. Nxc1 Rxd8 21. Qxb5 Nxb5 22. Ke2 Rc8 23. Kd1 Nd6 24. Nd3 Kf8 25. Re1 Ke7 26. Re2 Ne4 27. Rc2 Rxc2 28. Kxc2 Ke6 29. f3 Nd6 30. Nf4+ Kd7 31. Nxd5 Kc6 32. e4 f6 33. Kd3 g5 34. Nxf6 1-0

[Event "Pavlodar op"]
[Site "Pavlodar"]
[Date "2014.12.02"]
[Round "2"]
[White "Kassimov, Baurzhan"]
[Black "Kashkarov, Mikhail"]
[Result "1-0"]
[WhiteElo "2398"]
[BlackElo "2160"]
[PlyCount "51"]
[EventDate "2014.12.01"]
[EventType "swiss"]
[EventRounds "9"]
[EventCountry "KAZ"]
[SourceTitle "EXT 2016"]
[Source "ChessBase"]
[SourceDate "2015.10.08"]
[SourceVersion "1"]
[SourceVersionDate "2015.10.08"]
[SourceQuality "1"]

1. c4 c5 2. b3 Nf6 3. Bb2 e6 4. Nf3 Nc6 5. g3 Be7 6. Bg2 0-0 7. d4 d5 8. cxd5 Nxd5 9. dxc5 Qa5+ 10. Nbd2 Qxc5 11. 0-0 Rd8 12. Rc1 Qb6 13. a3 Bf6 14. Nc4 Qa6 15. Qc2 b5 16. Bxf6 gxf6 17. Ncd2 Bb7 18. Qb2 Kg7 19. Ne4 Rac8 20. Rc5 Nce7 21. Nd4 Rxc5 22. Nxc5 Qb6 23. Nxb7 Qxb7 24. e4 e5 25. exd5 exd4 26. Qxd4 1-0